| 000 | 00703nam a2200241 a 4500 | ||
|---|---|---|---|
| 001 | BRCA_7586 | ||
| 005 | 20190320205912.0 | ||
| 008 | 210613s1953----enka######---#000-0#eng-# | ||
| 041 | _aeng | ||
| 044 | _aenk | ||
| 050 | 4 |
_aN7301 _b.R69 1953 |
|
| 100 | 1 |
_aRowland, Benjamin _918715 |
|
| 245 | 1 | 0 |
_aThe art and architecture of india _bbuddhist, hindu, jain _cBenjamin Rowland. |
| 260 |
_aLondres _bPenguin _cc1953 |
||
| 300 |
_axvii, 288 p. _bil., 190 láminas _c26 cm. |
||
| 440 | 0 |
_aThe Pelican history of art _918591 |
|
| 500 | _aS92 | ||
| 650 | 1 | 4 |
_aArte _zIndia _918478 |
| 650 | 1 | 4 |
_aArquitectura _zIndia _918716 |
| 650 | 1 | 4 |
_aArquitectura religiosa _zIndia _918717 |
| 902 | _aGFM | ||
| 942 |
_2lcc _cB |
||
| 999 |
_c7260 _d7260 |
||